Categorie dei Premi Oscar - Statistics

Statistiche generali
  • Questo quiz è stato fatto 97 volte
    26 dall'ultimo reset
  • Il punteggio medio è 17 su 24
Statistiche sulle risposte
Anno Miglior .... % Corretto
1936 Attore non protagonista
100%
1928 Attore protagonista
100%
1928 Attrice protagonista
95%
1928 Regia
95%
1940 Sceneggiatura originale
95%
1934 Colonna sonora originale
90%
1928 Film
90%
1936 Attrice non protagonista
85%
1939 Effetti visivi
85%
2001 Film d'animazione
85%
1931 Cortometraggio
75%
1928 Sceneggiatura non originale
75%
1948 Costumi
70%
1981 Trucco e acconciatura
65%
1934 Canzone originale
60%
1943 Documentario
60%
1947 Film internazionale
60%
1934 Montaggio
60%
1928 Scenografia
60%
1930 Sonoro
55%
1928 Fotografia
45%
2026 Casting
35%
1931 Cortometraggio d'animazione
20%
1941 Cortometraggio documentario
20%
Nessun quiz corrispondente trovato
Distribuzione punteggi
Percentuale di utenti per punteggio
Percentile per numero di risposta
I tuoi punteggi nel tempo
Non hai fatto questo quiz dall'ultimo reset